000 01338nam a2200313 i 4500
003 EG-GICUC
005 20260503214443.0
008 260503s1970 ua ||||f |||| 00| 0bara d
040 _a EG-GICUC
_bara
_c EG-GICUC
_d EG-GICUC
_erda
041 0 _aara
082 0 4 _221
_a345.144
_bث ر . م
092 0 4 _221
099 _aLaw1 07 345.144 ث ر . م 1970 0704636 V1, C1
100 0 _aثروت بدوي
_eمؤلف.
245 1 0 _aمبادئ القانون الإداري.
_nالمجلد الأول،
_pأصول القانون الإداري و أسسه و خصائصه /
_cدكتور ثروت بدوي.
264 1 _aالقاهرة :
_bدار النهضة العربية،
_c1970.
300 _a280 صفحة ؛
_c24 سم.
_bإيضاحيات، صور، مثيليات ؛
336 _2rda content
_atext
337 _2rda media
_aComputer
338 _2rda carrier
_aOnline Resource
504 _aيشتمل علي إرجاعات ببليوجرافية.
546 _aالنص أغلبه باللغة العربية بعض النصوص الإنجليزية والفرنسية
650 1 4 _aالقانون الإداري
_2qrmak
650 1 4 _aالقانون الإداري
_xمبادئ
_2qrmak
651 1 _2qrmak
856 4 0 _uhttps://fll.law.cu.edu.eg/fulltext/bks/B07-04636.pdf
905 _a164
942 _2ddc
_n0
_cBK
_e21
999 _c75395
_d75395